Raleigh-Durham (RDU) Int'l Airport Destinations - Statistics

General Stats
  • This quiz has been taken 221 times
    173 since last reset
  • The average score is 43 of 50
Answer Stats
Hint Airlines Answer % Correct
Georgia Delta, Southwest, Frontier Atlanta
98%
Maryland Southwest Baltimore
97%
Massachusetts American, Delta, JetBlue Boston
97%
Texas American Dallas (DFW)
97%
Texas Southwest Dallas (Love)
97%
Texas American, Delta, Southwest Austin
96%
Illinois Southwest Chicago (Midway)
96%
Illinois American, Delta, United Chicago (O'Hare)
96%
North Carolina American Charlotte
95%
Colorado United, Southwest, Frontier Denver
95%
Michigan Delta Detroit
95%
Texas United Houston (Bush)
95%
Texas Southwest Houston (Hobby)
95%
New York American, Delta, JetBlue New York City (JFK)
94%
New York American, Delta New York City (LaGuardia)
94%
Quintana Roo (Mexico) American, JetBlue Cancun
92%
Florida American, Delta, Spirit, Frontier Miami
92%
Florida American, Delta, Southwest, Frontier Tampa
92%
England (U.K.) American London
91%
Florida American, Delta, Southwest, Spirit, Frontier Orlando
91%
France Delta Paris
91%
New York Frontier Buffalo
90%
Pennsylvania American, Delta, Frontier Philadelphia
90%
Arizona American, Southwest Phoenix
90%
Washington Delta, Alaska Seattle
90%
Nevada Delta, Southwest, Frontier Las Vegas
89%
California American, Delta, JetBlue Los Angeles
89%
California United San Francisco
89%
Minnesota Delta, Sun Country Minneapolis
88%
New Jersey Delta, United, JetBlue Newark
88%
Louisiana Southwest, Allegiant New Orleans
88%
Utah Delta Salt Lake City
88%
Ontario (Canada) Air Canada Toronto
88%
Ohio Frontier Cleveland
87%
Quebec (Canada) Air Canada Montreal
87%
Tennessee American, Southwest Nashville
87%
Maine Frontier Portland
85%
Puerto Rico (U.S.) JetBlue, Frontier San Juan
85%
Missouri Southwest St. Louis
84%
Florida Delta, Southwest, Spirit, JetBlue Fort Lauderdale
83%
Pennsylvania American Pittsburgh
83%
Connecticut Frontier Hartford
82%
U.S. United Washington (Dulles)
81%
U.S. American, Delta Washington (National)
81%
New Jersey Frontier Trenton
71%
Jamaica JetBlue Montego Bay
64%
Florida Allegiant St. Petersburg
62%
Florida American Fort Walton Beach
42%
Florida Allegiant Punta Gorda
38%
Florida Allegiant Sanford
38%
No matching quizzes found
Score Distribution
Percent of People with Each Score
Percentile by Number Answered
Your Score History
You have not taken this quiz since the last reset